000
00217 a2200109 4500
020
_a
9780399251566
041
_a
spa
100
_a
Elya, Susan Middleton
245
_a
La Princesa y la Pea
942
_c
BK
952
_7
4
999
_c
24878
_d
24878